A clash of civilizations? The influence of religion on public opinion of US foreign policy in the Middle East (Record no. 78861)

000 -LEADER
fixed length control field 00588pab a2200205 454500
008 - FIXED-LENGTH DATA ELEMENTS--GENERAL INFORMATION
fixed length control field 180718b2008 xxu||||| |||| 00| 0 eng d
100 ## - MAIN ENTRY--PERSONAL NAME
Personal name Baumgartner, Jody C.
245 ## - TITLE STATEMENT
Title A clash of civilizations? The influence of religion on public opinion of US foreign policy in the Middle East
260 ## - PUBLICATION, DISTRIBUTION, ETC.
Date of publication, distribution, etc. 2008
300 ## - PHYSICAL DESCRIPTION
Extent p.171-79.
362 ## - DATES OF PUBLICATION AND/OR SEQUENTIAL DESIGNATION
Dates of publication and/or sequential designation Jun
650 ## - SUBJECT ADDED ENTRY--TOPICAL TERM
Topical term or geographic name entry element Public opinion
650 ## - SUBJECT ADDED ENTRY--TOPICAL TERM
Topical term or geographic name entry element Religion
650 ## - SUBJECT ADDED ENTRY--TOPICAL TERM
Topical term or geographic name entry element International relations
700 ## - ADDED ENTRY--PERSONAL NAME
Personal name Morris, Jonathan S.
700 ## - ADDED ENTRY--PERSONAL NAME
Personal name Francia, Petel L.
773 ## - HOST ITEM ENTRY
Main entry heading Political Research Quarterly
908 ## - PUT COMMAND PARAMETER (RLIN)
Put command parameter N
909 ## -
-- 78861
Holdings
Withdrawn status Lost status Damaged status Not for loan Permanent Location Current Location Date acquired Serial Enumeration / chronology Barcode Date last seen Price effective from Koha item type
        Indian Institute of Public Administration Indian Institute of Public Administration 2018-07-19 Volume no: 61, Issue no: 2 AR79321 2018-07-19 2018-07-19 Articles

Powered by Koha